Name a valid country #1 - Statistics

General Stats
  • This quiz has been taken 139 times
  • The average score is 12 of 13
Answer Stats
Hint Answer % Correct
Island country in africa Cabo Verde/São Tomé and Príncipe/Mauritius/Seychelles/Comoros/Madagascar
97%
Transcontinental Egypt/Azerbaijan/Georgia/Kazakhstan/Russia/Turkey/Panama/Colombia/Venezuela/Trinidad
97%
Ends in "Stan" Kazakhstan/Kyrgyzstan/Tajikistan/Turkmenistan/Uzbekistan/Afghanistan/Pakistan
97%
Bigger than 3 million miles India/Australia/Brazil/USA/China/Canada/Russia
96%
Borders India Pakistan/China/Nepal/Bhutan/Myanmar
96%
Contains the Arabian Desert Jordan/Iraq/Kuwait/Oman/Qatar/Saudi Arabia/UAE/Yemen
95%
Nordic country Iceland/Denmark/Norway/Sweden/Finland
91%
Central american country Guatemala/Belize/El Salvador/Honduras/Nicaragua/Costa Rica/Panama
89%
Borders the Red Sea Egypt/Saudi Arabia/Sudan/Eritrea/Yemen
87%
Part of the British Isles Ireland/Northern Ireland/Wales/England/Scotland
87%
Microstate in Europe Andorra/Monaco/Liechtenstein/San Marino/Vatican City/Malta
84%
Island country in Europe Iceland/Malta/Cyprus
79%
Starts with "Z" Zambia/Zimbabwe
78%
No matching quizzes found
Score Distribution
Percent of People with Each Score
Percentile by Number Answered
Your Score History
You have not taken this quiz